ARRUPE JESUIT UNIVERSITY

CORONAVIRUS -STOP THE SPREAD - CLEAN,DISINFECT,COVER

Land (Record no. 130082)

MARC details
000 -LEADER
fixed length control field 00510nam a22001697a 4500
008 - FIXED-LENGTH DATA ELEMENTS--GENERAL INFORMATION
fixed length control field 191127b ||||| |||| 00| 0 eng d
050 ## - LIBRARY OF CONGRESS CALL NUMBER
Classification number HX550.L3
Item number B66 1986
100 ## - MAIN ENTRY--PERSONAL NAME
Personal name Bond-Stewart, Kathy
9 (RLIN) 44482
245 ## - TITLE STATEMENT
Title Land
Statement of responsibility, etc kathy Bond-Stewart and illustrated by Chris Hodzi
260 ## - PUBLICATION, DISTRIBUTION, ETC. (IMPRINT)
Place of publication, distribution, etc Harare
Name of publisher, distributor, etc Mambo Press
Date of publication, distribution, etc 1986
300 ## - PHYSICAL DESCRIPTION
Extent 107p. ;
Dimensions 31cm.
650 ## - SUBJECT ADDED ENTRY--TOPICAL TERM
Topical term or geographic name as entry element Land tenure
9 (RLIN) 48832
650 ## - SUBJECT ADDED ENTRY--TOPICAL TERM
Topical term or geographic name as entry element Land, Nationalization of
9 (RLIN) 48833
650 ## - SUBJECT ADDED ENTRY--TOPICAL TERM
Topical term or geographic name as entry element Communism
9 (RLIN) 48834
650 ## - SUBJECT ADDED ENTRY--TOPICAL TERM
Topical term or geographic name as entry element Capitalism
9 (RLIN) 3
942 ## - ADDED ENTRY ELEMENTS (KOHA)
Source of classification or shelving scheme Library of Congress Classification
Item type Monograph ( Printed materials)
Holdings
Withdrawn status Lost status Source of classification or shelving scheme Damaged status Not for loan Collection code Home library Current library Shelving location Date acquired Total Checkouts Full call number Barcode Date last seen Price effective from Koha item type
    Library of Congress Classification     Main Collection ARRUPE LIBRARY ARRUPE LIBRARY Main Collection 27/11/2019   HX550.L3 B66 1986 46600005977 27/11/2019 27/11/2019 Monograph ( Printed materials)

 

Arrupe Library. PO Box MP320 Mt Pleasant, Harare, Zimbabwe
263 242 745411|librarian@aju.ac.zw